Some Aspects of Islamic Education (Record no. 12054)

MARC details
000 -LEADER
fixed length control field 00598nam a2200241 a 4500
020 ## - INTERNATIONAL STANDARD BOOK NUMBER
ISBN
082 00 - DEWEY DECIMAL CLASSIFICATION NUMBER
Classification number 297.7
Author Cutter KHA1
100 ## - MAIN ENTRY--AUTHOR NAME
Author name Khan, Mohammad Sharif
245 ## - TITLE STATEMENT
Title Some Aspects of Islamic Education
260 ## - PUBLICATION, DISTRIBUTION, ETC. (IMPRINT)
Place of publication Ambala Cantt
Name of publisher Associated Pub
Year of publication 1997
300 ## - PHYSICAL DESCRIPTION
Number of Pages 176p
500 ## - GENERAL NOTE
General note includes index and biblioraphy
505 2# - FORMATTED CONTENTS NOTE
Formatted contents note Index
650 ## - SUBJECT ADDED ENTRY--TOPICAL TERM
Topical Term Islamic-Education
942 ## - ADDED ENTRY ELEMENTS (KOHA)
Koha item type Books
700 1# -
-- Khan, Mohammad Sharif
Holdings
Collection code Home library Current library Date acquired Cost, normal purchase price Full call number Accession Number Koha item type
  Henry Martyn Institute Library Henry Martyn Institute Library 07/12/2007 300.00 297.7 KHA1 017766 Books
                   Copyright © 2026 | Henry Martyn Institute | Hyderabad | TS-500052 | INDIA | Implemented by hmi.edu.in
Hit-Count:

Powered by Koha